Géographie de la Suisse par lettre - T - Statistiques

Statistiques générales
  • Ce quiz a été pris 19 fois
  • Le résultat moyen est 7 sur 15
Statistiques - réponses
Définitions Réponse % Correct
Canton situé à la frontière italienne Tessin
83%
Cette marque de chocolat suisse à le Mont Cervin imagé sur son packaging Toblerone
83%
Ville sur son lac éponyme dans le canton de Berne Thoune
78%
Affluent du Rhin, cette rivière coule sur 135 km dans le massif du Säntis Thur
78%
Ce canton est situé au Nord-Est prés du Lac de Constance Thurgovie
67%
Le canton des Grisons touche cette partie alpine ayant le nom d'un Land autrichien Tyrol
67%
Nom donné au groupement des Lacs de Bienne, Neuchâtel et Morat Trois Lacs
61%
Nom du château épiscopal le plus connu du Canton du Valais Tourbillon
39%
Ville sur le Lac Léman dans le canton de Genève Thônex
33%
Région d'Italie touchant l'Autriche et l'Est de la Suisse Trentin
33%
On passe par cette ville si on veux rejoindre Vevey à Montreux La Tour-de-Peilz
22%
Ce col entre le Cervin et le Breithorn culmine à 3 295 mètres d'altitude Théodule
6%
Col routier contournant Rochefort en partant des Ponts de Martel Tourne
6%
Sur le lac de Zurich, cette ville est connue pour être le siège de la marque de torréfaction Illy Thalwil
0%
A Zurich c'est le nom de la principale salle de concerts symphoniques Thonalle
0%
Aucun quiz correspondant
Distribution des résultats
% des personnes avec chaque résultat
Percentile par nombre de réponses
Votre historique - résultats
Vous n’avez pas pris ce quiz